000 00718nas a2200253 4500
001 BR9210330
003 BR-BrBNA
005 20231205093348.0
007 ta
008 230509b bl.|||p| |||| 00| 00por d
040 _aBR-BrBNA
_bpor
_cBiblioteca Nacional de Agricultura
041 _a(Pt)
072 _aL73
100 1 _aAnon.
245 1 _aRinite atrofica: CNPSA avalia perdas
650 _aSUÍNO
650 _aDOENCA RESPIRATORIA
650 _aRINITE ATROFICA
650 _aBACTERIA
650 _aERRADICACAO
773 0 _tAvicultura e Suinocultura Industrial (Brazil)
_xISSN 0100-5804
_g(Jun 1992), v. 82(988) p. 36-39
_wBR9210330
909 _a202311
_bLúcia
_c55
_dLúcia Elande
942 _2AGRIS
_n0
_cANA
999 _c137814
_d137814